La industria de alta tecnología en España : (Record no. 37815)

MARC details
000 -LEADER
campo de control de longitud fija 01950cam a22003614a 4500
001 - NÚMERO DE CONTROL
campo de control 85130
005 - FECHA Y HORA DE LA ÚLTIMA TRANSACCIÓN
campo de control 20230410105506.0
008 - DATOS DE LONGITUD FIJA--INFORMACIÓN GENERAL
campo de control de longitud fija 090205s2008 sp ab b 001 0 spa
010 ## - NÚMERO DE CONTROL DE LA BIBLIOTECA DEL CONGRESO
Número de control de LC 2009444539
035 ## - NÚMERO DE CONTROL DEL SISTEMA
Número de control de sistema (OCoLC)ocn423756792
040 ## - FUENTE DE CATALOGACIÓN
Centro catalogador/agencia de origen DLC
Centro/agencia transcriptor DLC
020 ## - NÚMERO INTERNACIONAL ESTÁNDAR DEL LIBRO
Número Internacional Estándar del Libro 9788489116399
020 ## - NÚMERO INTERNACIONAL ESTÁNDAR DEL LIBRO
Número Internacional Estándar del Libro 8489116393
035 ## - NÚMERO DE CONTROL DEL SISTEMA
Número de control de sistema (OCoLC)423756792
043 ## - CÓDIGO DE ÁREA GEOGRÁFICA
Código de área geográfica e-sp---
050 14 - SIGNATURA TOPOGRÁFICA DE LA BIBLIOTECA DEL CONGRESO
Número de clasificación HC 390
Número de ítem G492i 2008
100 1# - ENTRADA PRINCIPAL--NOMBRE DE PERSONA
Nombre de persona Giner Pérez, José Miguel.
245 13 - MENCIÓN DEL TÍTULO
Título La industria de alta tecnología en España :
Resto del título factores de localización y dinámica espacial /
Mención de responsabilidad, etc. José Miguel Giner Pérez.
260 ## - PUBLICACIÓN, DISTRIBUCIÓN, ETC.
Lugar de publicación, distribución, etc. Madrid :
Nombre del editor, distribuidor, etc. Fundación de las Cajas de Ahorros,
Fecha de publicación, distribución, etc. 2008
300 ## - DESCRIPCIÓN FÍSICA
Extensión xiii, 746 p. :
Otras características físicas ill., maps. ;
Dimensiones 24 cm.
440 #0 - MENCIÓN DE SERIE/PUNTO DE ACCESO ADICIONAL--TÍTULO
Título Estudios de la Fundacion / Serie Tesis ;
Designación de volumen o secuencia 30
500 ## - NOTA GENERAL
Nota general Originally presented as the author's thesis (doctoral)--Universidad de Alicante, 2007.
504 ## - NOTA DE BIBLIOGRAFÍA, ETC.
Nota de bibliografía, etc. Includes bibliographical references (p. 717-744) and index
505 0# - NOTA DE CONTENIDO CON FORMATO
Nota de contenido con formato La localización de las industrias de alta tecnología: Marco teórico y empírico-- La localización industrial en España: una revisión de la evidencia empírica-- La industria de alta tecnología en España: aspectos introductorios y metodológicos-- Localización y dinámica espacial de los sectores de alta tecnología en España: un análisis macro-- Identificación territorial y análisis de las aglomeraciones industriales de alta tecnología-- Factores explicativos de la localización de la industria de alta tecnología: un análisis macro-- Factores explicativos de la localización de la industria de alta tecnología: un análisis micro--
650 #0 - PUNTO DE ACCESO ADICIONAL DE MATERIA--TÉRMINO DE MATERIA
Término de materia o nombre geográfico como elemento de entrada High technology industries
Subdivisión general Location
Subdivisión geográfica Spain.
650 #0 - PUNTO DE ACCESO ADICIONAL DE MATERIA--TÉRMINO DE MATERIA
Término de materia o nombre geográfico como elemento de entrada Industrial location
Subdivisión geográfica Spain.
651 #4 - PUNTO DE ACCESO ADICIONAL DE MATERIA--NOMBRE GEOGRÁFICO
Nombre geográfico España
Subdivisión general Industrias de alta tecnología
Subdivisión cronológica Localización
651 #4 - PUNTO DE ACCESO ADICIONAL DE MATERIA--NOMBRE GEOGRÁFICO
Nombre geográfico España
Subdivisión general Localización industrial
923 ## -
-- 20090430
-- 159358
-- SP-BaPL
942 ## - ELEMENTOS DE ENTRADA SECUNDARIOS (KOHA)
Fuente del sistema de clasificación o colocación Clasificación de Library of Congress
Tipo de ítem Koha
994 ## -
-- C0
-- DRFGD
946 ## - PROCESAMIENTO DE INFORMACIÓN LOCAL (OCLC)
a rpeña
Holdings
Estatus retirado Estado de pérdida Fuente del sistema de clasificación o colocación Estado de daño No para préstamo Colección Biblioteca de origen Biblioteca actual Ubicación en estantería Fecha de adquisición Serial enumeration / chronology Signatura topográfica completa Código de barras Visto por última vez Copia número Tipo de ítem Koha
    Clasificación de Library of Congress     Ciencias Sociales Biblioteca Juan Bosch Biblioteca Juan Bosch Ciencias Sociales (3er. Piso) 10/04/2023 1 HC 390 G492i 2008 00000076345 24/10/2018 1